[Event "Monaco Sulava Memorial 1st"]
[Site "Monte Carlo"]
[Date "2019.11.29"]
[Round "3"]
[White "Zvereva, Marija"]
[Black "Mongelli, Ferdinando"]
[Result "1-0"]
[WhiteElo "2133"]
[BlackElo "1759"]
[PlyCount "91"]
[EventDate "2019.11.29"]
[EventType "swiss"]
[EventRounds "9"]
[EventCountry "MNC"]
[SourceTitle "CBM 193 Extra"]
[Source "ChessBase"]
[SourceDate "2020.01.31"]
[SourceVersion "1"]
[SourceVersionDate "2020.01.31"]
[SourceQuality "1"]

1. e4 d6 2. Nf3 e6 3. d3 Ne7 4. g3 Ng6 5. Bg2 Be7 6. h4 Nc6 7. h5 Nge5 8. h6 Nxf3+ 9. Bxf3 Bg5 10. hxg7 Rg8 11. Rxh7 Bxc1 12. Qxc1 Qf6 13. Bg2 Bd7 14. Nc3 0-0-0 15. Qe3 Rxg7 16. Rxg7 Qxg7 17. 0-0-0 e5 18. Nd5 Be6 19. Kb1 Qf8 20. Rh1 Qe8 21. Rh7 b6 22. Bh3 Kb8 23. Bxe6 Qxe6 24. a3 Qg6 25. Qh6 Qg4 26. Rxf7 Qd1+ 27. Qc1 Qh5 28. Rxc7 Nd4 29. Qd2 Nb5 30. Rc4 Qh1+ 31. Ka2 Qh8 32. a4 Nd4 33. Qc3 Ne2 34. Qd2 Nd4 35. f4 Qg8 36. Qf2 Rc8 37. Ne7 Rxc4 38. Nxg8 Rxc2 39. Qe1 Nc6 40. f5 Nb4+ 41. Kb3 Rxb2+ 42. Kxb2 Nxd3+ 43. Kc3 Nxe1 44. f6 Kc8 45. f7 Kd7 46. f8Q 1-0

[Event "Imperia Corallo op-A 3rd"]
[Site "Imperia"]
[Date "2008.11.23"]
[Round "5"]
[White "Mongelli, Ferdinando"]
[Black "Roversi, Stefano"]
[Result "1/2-1/2"]
[WhiteElo "1686"]
[BlackElo "1839"]
[PlyCount "63"]
[EventDate "2008.11.21"]
[EventType "swiss"]
[EventRounds "5"]
[EventCountry "ITA"]
[SourceTitle "EXT 2011"]
[Source "ChessBase"]
[SourceDate "2010.11.26"]
[SourceVersion "1"]
[SourceVersionDate "2010.11.26"]
[SourceQuality "1"]

1. e4 c5 2. Bc4 e6 3. Nf3 a6 4. 0-0 b5 5. Be2 Bb7 6. d3 Nf6 7. b3 Be7 8. Bb2 0-0 9. Qd2 d5 10. e5 Nfd7 11. Nc3 Nc6 12. Qf4 Qc7 13. Rad1 Ncxe5 14. Nxe5 Qxe5 15. Qxe5 Nxe5 16. Nxd5 exd5 17. Bxe5 Rfe8 18. Bf3 Bf8 19. Bb2 Re7 20. Ba3 b4 21. Bc1 d4 22. Bxb7 Rxb7 23. Rfe1 a5 24. Re2 a4 25. Rde1 axb3 26. axb3 Ra2 27. Bf4 Rba7 28. g4 Ra1 29. Rxa1 Rxa1+ 30. Kg2 h6 31. Re8 Ra6 32. h4 1/2-1/2